| 000 | 00572nam a2200229Ia 4500 | ||
|---|---|---|---|
| 003 | OSt | ||
| 005 | 20221221122856.0 | ||
| 008 | 210719s2008 xx 000 0 und d | ||
| 020 | _a9788179914076 | ||
| 040 | _cAL | ||
| 041 | _aeng | ||
| 082 | _a 891.468 KELK | ||
| 100 |
_aKELEKAR (Ravindra) _967158 |
||
| 245 | _aKaleidoscope Tr by Vidya Pai | ||
| 260 |
_aMumbai _bPopular Prakashan _c2008 |
||
| 300 |
_a212 _bPB |
||
| 365 |
_b200 _cRs |
||
| 650 |
_aIndian English Prose _967159 |
||
| 650 |
_aKonkani Essays _967228 |
||
| 906 | _aKaleidoscope | ||
| 942 |
_2ddc _cBK |
||
| 999 |
_c215206 _d215206 |
||